Journalism and electronic media / (Record no. 63701)
[ view plain ]
| 000 -LEADER | |
|---|---|
| fixed length control field | 00460nam a22001457a 4500 |
| 005 - DATE AND TIME OF LATEST TRANSACTION | |
| control field | 20181126155149.0 |
| 020 ## - INTERNATIONAL STANDARD BOOK NUMBER | |
| International Standard Book Number | 813130065X |
| Terms of availability | 595.00 |
| 035 ## - SYSTEM CONTROL NUMBER | |
| System control number | B-216441, B-216434, B-216440, B-216451, B-216453 |
| 037 ## - SOURCE OF ACQUISITION | |
| Stock number | DPL |
| Source of stock number/acquisition | ENG |
| 100 ## - MAIN ENTRY--PERSONAL NAME | |
| Personal name | Bansal, S. K. |
| 245 ## - TITLE STATEMENT | |
| Title | Journalism and electronic media / |
| Statement of responsibility, etc | by S. K. Bansal |
| 260 ## - PUBLICATION, DISTRIBUTION, ETC. (IMPRINT) | |
| Place of publication, distribution, etc | New Delhi |
| Name of publisher, distributor, etc | A.P.H. Publishing Corporation |
| Date of publication, distribution, etc | 2007 |
| 300 ## - PHYSICAL DESCRIPTION | |
| Extent | v, 256p. |
| Dimensions | 20 cms. |
| 942 ## - ADDED ENTRY ELEMENTS (KOHA) | |
| Source of classification or shelving scheme | Dewey Decimal Classification |
| Item type | English Books |
| Classification part | 070.4 |
| Call number suffix | BAN |
| Withdrawn status | Lost status | Not for loan | Collection code | Home library | Current library | Date acquired | Cost, normal purchase price | Full call number | Barcode | Cost, replacement price | Koha item type | Source of acquisition | Copy number |
|---|---|---|---|---|---|---|---|---|---|---|---|---|---|
| Non-fiction | Kadipur | Kadipur | 27/06/2019 | 595.00 | 070.4 BAN | B-216450 | 595.00 | English Books | BPPD/PUB | 7 | |||
| Non-fiction | Patel Nagar | Patel Nagar | 11/07/2018 | 595.00 | 070.4 BAN | B-216434 | 595.00 | English Books | BPPD/PUB | ||||
| Non-fiction | Patel Nagar | Patel Nagar | 03/08/2018 | 595.00 | 070.4 BAN | B-216440 | 595.00 | English Books | BPPD/PUB | ||||
| Non-fiction | Sarojini Nagar | Sarojini Nagar | 02/03/2012 | 595.00 | 070.4 BAN | B-216441 | 595.00 | English Books | |||||
| Non-fiction | Shahdara Branch | Shahdara Branch | 18/08/2018 | 595.00 | 070.4 BAN | B-216451 | 595.00 | English Books | BPPD/PUB | ||||
| Non-fiction | Vigyan Vihar | Vigyan Vihar | 26/11/2018 | 595.00 | 070.4 BAN | B-216453 | 595.00 | English Books | BPPD/PUB | ||||
| Non-fiction | Yojana Vihar | Yojana Vihar | 27/10/2018 | 595.00 | 070.4 BAN | B-216452 | 595.00 | English Books | BPPD/PUB |
